RWBY Character quiz - Statistics

General Stats
  • This quiz has been taken 481 times
    455 since last reset
  • The average score is 35 of 42
Answer Stats
Hint Answer % Correct
Red Ruby
100%
Yellow Yang
100%
Black Blake
99%
Giant Hammer Nora
99%
White Weiss
99%
Shield and Sword Jaune
97%
Silent one of JNPR Ren
97%
Head Professor of Beacon Ozpin
95%
Has crush on Black Sun
95%
Main Villain Cinder
94%
Uncle to red and yellow Qrow
94%
Red's Mother Summer
93%
Flirts with all the ladies Neptune
92%
Cyborg built to look like a young girl Penny
92%
Yellow's Mother Raven
92%
Sister to White Winter
92%
White Fang Leader Adam
91%
Strongest of JNPR Pyrrha
91%
Leader of CFVY Coco
90%
Feamle villain sidekick Emerald
90%
Male villain sidekick Mercury
90%
Community Character Velvet
90%
Dog Zwei
88%
Runs the military Ironwood
86%
Bullied JNPR leader Cardin
85%
Advisor of Beacon's Head Glynda
85%
In Prison Roman
84%
Has a history with Beacon Prof. (revealed at end of V.3) Salem
84%
Red and Yellow's Father Taiyang
84%
Team CFVY Fox
81%
Umbrella Chick Neopolitan
79%
Odd kook of a professor Oobleck
78%
Voiced by Mad King Haywood Port
75%
Appeared in Yellow's Trailer Junior
72%
Voiced by Gavin Free Scarlet
71%
Team CFVY Yatsuhashi
68%
Part of team SSSN Sage
66%
Team CRDN Dove
59%
Team CRDN Sky
58%
Team CRDN Russel
57%
White twin Melanie
56%
Red twin Miltia
50%
No matching quizzes found
Score Distribution
Percent of People with Each Score
Percentile by Number Answered
Your Score History
You have not taken this quiz since the last reset